000
00275nam a22001217a 4500
003
OSt
008
250207b |||||||| |||| 00| 0 eng d
041
_a
eng
082
_a
621.9
_b
RAG/WO
100
_a
Raghuvanshi, B S
_9
682
245
_a
Workshop Technology Volume1
942
_c
BK
999
_c
19335
_d
19335